Most Well Known U.S. States - Statistics

General Stats
  • This quiz has been taken 49 times
  • The average score is 17 of 21
Answer Stats
% State % Correct
96 California
100%
94 New York
100%
94 Florida
98%
96 Texas
98%
81 Hawaii
95%
86 Alaska
93%
80 Arizona
88%
80 Georgia
88%
85 Nevada
88%
78 Ohio
86%
93 Washington
81%
81 Maine
79%
78 Oregon
79%
82 Alabama
77%
84 North Carolina
77%
83 South Carolina
77%
80 Michigan
74%
83 New Mexico
74%
79 Idaho
63%
85 North Dakota
56%
85 South Dakota
56%
No matching quizzes found
Score Distribution
Percent of People with Each Score
Percentile by Number Answered
Your Score History
You have not taken this quiz